000 01093nac a22003371i 4500
003 EG-ScBUE
005 20260414152507.0
008 260414t1993 nyua f b 000 0 eng d
035 _a(OCoLC)ocm01248175
040 _aEG-ScBUE
_beng
_erda
_cEG-ScBUE
_dEG-ScBUE
082 0 4 _a574.19214
_bMET
_222
100 _a
245 0 0 _aMetal ions in biological systems.
_nvolume 29 /
_cedited By Helmut Sigel and Astrid Sigel.
264 1 _aNew York :
_bMarcel Dekker,
_c[1993]
264 4 _cc1993
300 _axxxiv, 448 pages :
_billustrations ;
_c24 cm
336 _2rdacontent
_atext
_btxt
337 _aunmediated
_2rdamedia
_bn
338 _avolume
_bnc
_2rdacarrier
500 _aEach vol. has also an individual title.
504 _aIncludes bibliographical references.
650 7 _aMetals
_xPhysiological effect.
_2BUEsh
650 7 _aMetals in the body.
_2BUEsh
650 7 _aBiochemistry
_2BUEsh
650 7 _aIons
_2BUEsh
650 7 _aMetals
_2BUEsh
655 _vReading book
700 1 _aSigel, Helmut,
_eeditor.
700 1 _aSigel, Astrid,
_eeditor.
942 _cBB
_2ddc
999 _c4811
_d4811